Sortez de l'Europe à l'aveugle #2 (certains pays tuent) - Statistiques

Statistiques générales
  • Ce quiz a été pris 177 fois
  • Le résultat moyen est 4 sur 12
Statistiques - réponses
Hint Réponse % Correct
b - Prochaine destination = 1 seule possibilité Italie
100%
a - Le chemin vers la sortie commence dans le pays en image : Vatican
100%
c - Ensuite, rendez-vous chez un pays frontalier qui possède l'île Clipperton France
71%
d - Vous devez vous rendre dans le pays limitrophe où se trouve les villes de Differdange et Dudelange Luxembourg
32%
e - Dirigez vous vers le pays voisin qui a sa fête nationale le 3 octobre Allemagne
20%
f - Entorse au règlement des frontières : Passez par le Rhin dans le pays où la ville la plus peuplée (en 2024) est Schaan Liechtenstein
13%
g - Direction le pays limitrophe où se trouve les villes de Klagenfurt et Brégence Autriche
11%
h - Allez dans le pays voisin qui a comme monnaie le Forint Hongrie
10%
i - ça va se corser, il faut aller dans le pays frontalier qui a pour hymne Nad Tatrou sa blýska (« Au-dessus des monts Tatras brille l’éclair ») Slovaquie
8%
k - Vous y êtes presque. Dirigez-vous vers le pays limitrophe qui a pour domaine Internet .by Belarus / Biélorussie
4%
l - La sortie est le seul pays frontalier qui permet de sortir de l'Europe Russie
4%
j - Encore vivant ? ok : allez dans le pays voisin qui est une République unitaire à régime semi-présidentiel sous loi martiale en 2025 Ukraine
4%
Aucun quiz correspondant
Distribution des résultats
% des personnes avec chaque résultat
Percentile par nombre de réponses
Votre historique - résultats
Vous n’avez pas pris ce quiz